Normal view
MARC view
- Calculus-Textbook-Instructional exposition
Entry Topical Term
001 - CONTROL NUMBER
- control field: 6632
003 - CONTROL NUMBER IDENTIFIER
- control field: JO-AjAnu
005 - DATE AND TIME OF LATEST TRANSACTION
- control field: 20230606071356.0
008 - FIXED-LENGTH DATA ELEMENTS
- fixed length control field: 230606|| aca||aabn | a|a d
040 ## - CATALOGING SOURCE
- Original cataloging agency: JO-AjAnu
- Transcribing agency: JO-AjAnu
150 ## - HEADING--TOPICAL TERM
- Topical term or geographic name entry element: Calculus-Textbook-Instructional exposition
670 ## - SOURCE DATA FOUND
- Source citation: Work cat.: (JO-AjAnu)3436: Sloughterو Dan , author 6631, Calculus From Approximation to Theory